| 000 | 01209na a2200277 4500 | ||
|---|---|---|---|
| 001 | 14813 | ||
| 003 | MIRAKIL | ||
| 005 | 20181213154933.0 | ||
| 008 | 160901b tu 000 0 | ||
| 035 | _a14813 | ||
| 040 |
_aMilas _btur _cTR-AnCHP |
||
| 082 |
_aATA 940.4 _bW37b 2012 |
||
| 090 | _aATA 940.4 W37b 2012 | ||
| 100 | _aWestwell, Ian | ||
| 245 |
_aI. Dünya Savaşı _b500'ü aşkın fotoğraf, harita ve savaş planı _btarihin en korkunç savaşlarından birinin, belirleyici çarpışmaların ve önemli antlaşmaların analiziyle birlikte çarpıcı ve detaylı anlatım _cIan Westwell |
||
| 246 | _atarihin en korkunç savaşlarından birinin, belirleyici çarpışmaların ve önemli antlaşmaların analiziyle birlikte çarpıcı ve detaylı anlatım | ||
| 246 | _a500'ü aşkın fotoğraf, harita ve savaş planı | ||
| 260 |
_a[y. y.] _bTürkiye iş bankası kültür yayınları _c2012 |
||
| 300 |
_a256 s. _bfotg. ; hrt. _c29 sm. |
||
| 504 | _aKaynakça ve dizin var. | ||
| 600 |
_aAtatürk, Mustafa Kemal _d1881-1938 |
||
| 650 |
_aAskeri tarih _xResimli yapıtlar |
||
| 650 |
_aI. Dünya Savaşı (1914-1918) _y1914-1918 |
||
| 651 |
_aAvrupa _xResimli yapıtlar |
||
| 942 |
_2dcc _cBKS |
||
| 999 |
_c3483 _d3483 |
||